Fluid mechanics and applications (3rd edition) (Record no. 63187)

MARC details
000 -LEADER
fixed length control field 01354nam a2200229 a 4500
008 - FIXED-LENGTH DATA ELEMENTS--GENERAL INFORMATION
fixed length control field 190820s2012 ||||||||||||||||| || u
020 ## - INTERNATIONAL STANDARD BOOK NUMBER
International Standard Book Number 9781906574925
050 ## - LIBRARY OF CONGRESS CALL NUMBER
Classification number TA 357 GUP
100 ## - MAIN ENTRY--PERSONAL NAME
Personal name Gupta, Santosh K
245 10 - TITLE STATEMENT
Title Fluid mechanics and applications (3rd edition)
Statement of responsibility, etc. By Vijay Gupta; Santosh K Gupta
250 ## - EDITION STATEMENT
Edition statement 3rd edition
260 ## - PUBLICATION, DISTRIBUTION, ETC.
Place of publication, distribution, etc. Kent
Name of publisher, distributor, etc. New Academic Science Limited
Date of publication, distribution, etc. 2012
300 ## - PHYSICAL DESCRIPTION
Extent xii, 503 pages : illustrations
650 ## - SUBJECT ADDED ENTRY--TOPICAL TERM
Topical term or geographic name entry element FLUID DYNAMICS
650 ## - SUBJECT ADDED ENTRY--TOPICAL TERM
Topical term or geographic name entry element FLUID MECHANICS
700 ## - ADDED ENTRY--PERSONAL NAME
Personal name Gupta, Vijay
995 ## -
-- MAIN LIBRARY OPEN ACCESS
-- 60.00
-- 749692
-- CBU-MAIN LIBRARY (Kitwe)
-- TA 357 GUP
-- 1
-- AVAILABLE
-- Aug 21, 2019
-- 749692
-- Main Library Open Access Collection
995 ## -
-- MAIN LIBRARY OPEN ACCESS
-- 60.00
-- 749695
-- CBU-MAIN LIBRARY (Kitwe)
-- TA 357 GUP
-- 4
-- AVAILABLE
-- Aug 21, 2019
-- 749695
-- Main Library Open Access Collection
995 ## -
-- MAIN LIBRARY OPEN ACCESS
-- 60.00
-- 749696
-- CBU-MAIN LIBRARY (Kitwe)
-- TA 357 GUP
-- 5
-- AVAILABLE
-- Aug 21, 2019
-- 749696
-- Main Library Open Access Collection
995 ## -
-- MAIN LIBRARY OPEN ACCESS
-- 60.00
-- 749693
-- CBU-MAIN LIBRARY (Kitwe)
-- TA 357 GUP
-- 2
-- AVAILABLE
-- Aug 21, 2019
-- 749693
-- Main Library Open Access Collection
995 ## -
-- MAIN LIBRARY OPEN ACCESS
-- 60.00
-- 749694
-- CBU-MAIN LIBRARY (Kitwe)
-- TA 357 GUP
-- 3
-- AVAILABLE
-- Aug 21, 2019
-- 749694
-- Main Library Open Access Collection
999 ## -
-- 63187
-- 63187
952 ## - LOCATION AND ITEM INFORMATION (KOHA)
-- 952 \\
Holdings
Withdrawn status Lost status Source of classification or shelving scheme Damaged status Not for loan Permanent Location Current Location Shelving location Date acquired Total Checkouts Full call number Barcode Date last seen Price effective from Koha item type
          CBU-MAIN LIBRARY, KITWE. CBU-MAIN LIBRARY, KITWE.   12/24/2022   TA 357 GUP | TA 357 GUPp749695 749692 12/24/2022 12/24/2022 MONOGRAPH
          CBU-MAIN LIBRARY, KITWE. CBU-MAIN LIBRARY, KITWE.   12/24/2022   TA 357 GUP 749696 12/24/2022 12/24/2022 MONOGRAPH
          CBU-MAIN LIBRARY, KITWE. CBU-MAIN LIBRARY, KITWE.   12/24/2022   TA 357 GUP 749693 12/24/2022 12/24/2022 MONOGRAPH
          CBU-MAIN LIBRARY, KITWE. CBU-MAIN LIBRARY, KITWE.   12/24/2022   TA 357 GUP 749694 12/24/2022 12/24/2022 MONOGRAPH